Statistics for Countries that start with A

Click here to take the quiz!

General Stats

  • This quiz has been taken 127 times
  • The average score is 9 of 11

Answer Stats

HintAnswer% Correct
5.Angola
91%
2.Albania
90%
1.Afghanistan
89%
8.Armenia
88%
3.Algeria
87%
4.Andorra
85%
11.Azerbaijan
85%
7.Argentina
83%
9.Australia
82%
6.Antigua and
Barbuda
81%
10.Austria
75%

Score Distribution

Percentile by Number Answered

Percent of People with Each Score

Your Score History

You have not taken this quiz